Top 10 Star Wars Characters (Spoilers For 9) - Statistics

General Stats
  • This quiz has been taken 28 times
  • The average score is 12 of 15
Answer Stats
Hint Film/Show Answer % Correct
Main Character A New Hope Luke Skywalker
95%
Old Ben The Phantom Menace Obi-Wan Kenobi
95%
"Do or Do Not" Empire Strikes Back Yoda
95%
Speaks Thousands of Languages A New Hope C-3PO
90%
"I Am Your Father" Revenge of the Sith Darth Vader
90%
Pilot of the Falcon Solo Han Solo
90%
Sidekic to the Above A New Hope R2-D2
90%
Granddaughter to Palpatine The Force Awakens Rey Skywalker
90%
"Do It!" Sith Lord Rwturn of the Jedi Emperor Palpatine
85%
"Your My Only Hope" A New Hope Princess Leia
85%
Droid of Above The Force Awakens BB-8
70%
"Woarrrrrggggghhh!" Revenge of the Sith Chewbacca
70%
Played by Billy Dee Williams Empire Strikes Back Lando Calrissian
70%
The Child The Mandalorian Baby Yoda
65%
Supreme Crybaby The Force Awakens Kylo Ren
65%
No matching quizzes found
Score Distribution
Percent of People with Each Score
Percentile by Number Answered
Your Score History
You have not taken this quiz